=LDR 00000nam 2200000 4500 =001 INLIS000000000040182 =005 20130612145747 =008 ***********************************Ind** =035 ##$$0010-061300000040182 =041 ##$$a Ind =082 ##$$a 813 =090 ##$$a 813, Sin a.1 =100 ##$$a Singh,Nalini =245 ##$$a Archangel;s Kiss, Kecupan sang malaikat, Nalini Singh =260 ##$$a 2011 $b Yogyakarta =300 ##$$a 472 hlm, 18 cm =700 ##$$a Yolanda Oktavia =850 ##$$a NBPNMAT